| 000 | 00907nam a22001337a 4500 | ||
|---|---|---|---|
| 040 | _cRUA | ||
| 082 | _aAVM CHE 2009 B089 Or.1 | ||
| 100 | _aCHENG, VUTHA. | ||
| 245 | _aEffect of supplementation of vitamin c and b-complex in drinking water on growth of khme hybrid chicken at animal experimental station of rua (ឥទ្ធិពលនៃការបន្ថែមវីតាមីន( C) និងបេកុុំផ្លិចក្នុងទឺកផឺកទៅលើការលូតលាស់របស់មាន់ខ្មែរកូនកាត់នៅស្ថានីយ៏ពិសោធន៏សត្វនៃសាកលវិទ្យាល័យភូមិន្ទកសិកម្ម) | ||
| 260 |
_aPhnom Penh _bRUA _c2009 |
||
| 300 |
_av, 39p. _bill. _c29cm. |
||
| 856 | _uhttps://drive.google.com/file/d/13gJo_0xFSnhJPUqGB03sZitOCfp7ESp7/view?usp=sharing | ||
| 942 | _cAVM | ||
| 999 |
_c2437 _d2437 |
||